000 01697nam a22003137a 4500
005 20121211142530.0
008 121211t xxu||||| |||| 00| 0 eng d
010 _aENG-106409
020 _a9788132109495
_c650.00
035 _aEN-89942
037 _bDBAD/PUB
040 _aDPL
_bEng
082 0 0 _a330.092
_223
100 1 _aGhosh, B. N.
_954183
245 1 0 _aBeyond Gandhian economics :
_btowards a creative deconstruction /
_cby B.N. Ghosh
260 _aNew Delhi
_bSAGE Publications
_c2012.
270 _aB1/I-1 Mohan Cooperative Industrial Area Mathura Road
_bNew Delhi
_e110044
300 _axvii,224p.
_c22cm(Hb)
500 _aIncludes bibliographical references and index.
505 0 _aWhither Gandhian economics -- Gandhi's concept of man -- Gandhi on the dynamics of dependency, integration and change -- Gandhi's perception of poverty and economic disparities -- Gandhi's philosophy of conflict management -- Dialectics and development: Hegel, Marx and Gandhi -- Justice as fair treatment : contextualizing Gandhi in contemporary consciousness -- Gandhi on politics, power and governance -- Gandhi on sustainable development -- Towards a new interpretation of Gandhian economics.
600 1 0 _aGandhi,
_cMahatma,
_d1869-1948.
_954184
650 0 _aEconomics
_zIndia.
_954185
650 0 _aEconomic development
_vIndia.
_91374
650 0 _aEconomics.
_954186
650 0 _aEconomic development.
_91374
942 _2ddc
_cEN
_h330.092
_mGHO
999 _c72046
_d72046